000 00353nam a22001337a 4500
082 _a297.09 JAF
100 _aJafar Muhammad Ibn-e-Jareer Tabari
245 _aTareekh e Tabari (part 4 )
260 _aKarachi
_bNafees Academy
_c2004
300 _a436p. :
650 _aIslamic fundamentalism
700 _aJafar Muhammad Ibn-e-Jareer Tabari
942 _cBK
999 _c11714
_d11714